|
|
|
|
| LEADER |
00000naa a2200000 i 4500 |
| 001 |
publ650 |
| 005 |
20150923125902.0 |
| 008 |
150923s2015 hu o 000 zxx d |
| 020 |
|
|
|a 978-963-7159-92-3
|
| 040 |
|
|
|a BGE Publikációtár Repozitórium
|b hun
|
| 100 |
1 |
|
|a Kónyi Judit
|
| 245 |
1 |
0 |
|a Variants, print resistance and creative reading in Emily Dickinson's poetry
|c Kónyi Judit
|h [elektronikus dokumentum]
|
| 260 |
|
|
|a Budapesti Gazdasági Főiskola
|c 2015
|
| 300 |
|
|
|a 321-330
|
| 490 |
0 |
|
|a Alkalmazott tudományok II. fóruma: Konferenciakötet
|
| 650 |
|
4 |
|a irodalom- és kultúra tudományok
|
| 695 |
|
|
|a Kreatív olvasás
|
| 695 |
|
|
|a Olvasás
|
| 856 |
4 |
0 |
|u https://publikaciotar.uni-bge.hu/id/eprint/650/1/K%C3%B3nyi.pdf
|z Dokumentum-elérés
|